[Event "GER-chT Seniors 24th"]
[Site "Berlin"]
[Date "2015.09.08"]
[Round "3.3"]
[White "Hassenrueck, Helmut"]
[Black "Kaiser, Gerhard"]
[Result "0-1"]
[WhiteElo "2248"]
[BlackElo "2152"]
[PlyCount "76"]
[EventDate "2015.09.06"]
[EventType "team-swiss"]
[EventRounds "7"]
[EventCountry "GER"]
[SourceTitle "EXT 2018"]
[Source "ChessBase"]
[SourceDate "2017.10.13"]
[SourceVersion "1"]
[SourceVersionDate "2017.10.13"]
[SourceQuality "1"]
[WhiteTeam "NRW Seniors"]
[BlackTeam "Niedersachsen Seniors II"]
[WhiteTeamCountry "GER"]
[BlackTeamCountry "GER"]

1. d4 Nf6 2. Nf3 e6 3. c4 Bb4+ 4. Bd2 Bxd2+ 5. Qxd2 b6 6. g3 Ba6 7. b3 c6 8. Bg2 d5 9. Qc2 Nbd7 10. Nbd2 Rc8 11. e4 c5 12. e5 Ng4 13. h3 Nh6 14. Qb2 dxc4 15. Qa3 Bb5 16. Ne4 Nf5 17. bxc4 Bc6 18. Nd6+ Nxd6 19. exd6 cxd4 20. 0-0 Qf6 21. Rad1 Bxf3 22. Bxf3 e5 23. Bg4 Rd8 24. Qxa7 Qxd6 25. Rb1 0-0 26. Rb5 f5 27. Bf3 e4 28. Rd5 Qe6 29. Bd1 Ne5 30. Rxd8 Rxd8 31. c5 bxc5 32. Qxc5 Qd6 33. Qa5 Rf8 34. Bb3+ Kh8 35. Rc1 f4 36. Rc5 fxg3 37. Rxe5 gxf2+ 38. Kf1 Qh6 0-1

[Event "GER-chT Seniors 24th"]
[Site "Berlin"]
[Date "2015.09.06"]
[Round "1.3"]
[White "Kaiser, Gerhard"]
[Black "Herbrechtsmeier, Christof"]
[Result "1-0"]
[WhiteElo "2152"]
[BlackElo "2275"]
[PlyCount "99"]
[EventDate "2015.09.06"]
[EventType "team-swiss"]
[EventRounds "7"]
[EventCountry "GER"]
[SourceTitle "EXT 2018"]
[Source "ChessBase"]
[SourceDate "2017.10.13"]
[SourceVersion "1"]
[SourceVersionDate "2017.10.13"]
[SourceQuality "1"]
[WhiteTeam "Niedersachsen Seniors II"]
[BlackTeam "Baden Seniors"]
[WhiteTeamCountry "GER"]
[BlackTeamCountry "GER"]

1. e4 c5 2. Nf3 Nc6 3. d4 cxd4 4. Nxd4 g6 5. c4 Nf6 6. Nc3 Nxd4 7. Qxd4 d6 8. f3 Bg7 9. Be3 0-0 10. Qd2 Be6 11. Be2 a5 12. 0-0 a4 13. Rac1 Nd7 14. Nd5 Nc5 15. Qb4 Bxd5 16. cxd5 Qa5 17. Rc4 b5 18. Qxa5 Rxa5 19. Rc2 b4 20. Bxc5 Rxc5 21. Rxc5 Bd4+ 22. Kh1 Bxc5 23. Bc4 Bd4 24. b3 Rc8 25. g3 Rxc4 26. bxc4 b3 27. axb3 a3 28. b4 a2 29. c5 dxc5 30. d6 exd6 31. b5 c4 32. b6 Bxb6 33. Ra1 f5 34. Rxa2 c3 35. Kg2 fxe4 36. fxe4 Bd4 37. Kf3 Kf7 38. Ke2 h5 39. Kd3 Be5 40. Rf2+ Ke6 41. Ra2 Kf6 42. Ke3 g5 43. Rf2+ Kg6 44. Rf5 h4 45. Rxe5 hxg3 46. hxg3 dxe5 47. g4 c2 48. Kd2 c1B+ 49. Kxc1 Kf6 50. Kc2 1-0

[Event "Oberliga Nord W 1314"]
[Site "Germany"]
[Date "2014.03.16"]
[Round "8.7"]
[White "Kaiser, Gerhard"]
[Black "Meessen, Max"]
[Result "0-1"]
[WhiteElo "2098"]
[BlackElo "2183"]
[PlyCount "74"]
[EventDate "2013.10.13"]
[EventType "team-tourn"]
[EventRounds "9"]
[EventCountry "GER"]
[SourceTitle "EXT 2015"]
[Source "ChessBase"]
[SourceDate "2014.11.20"]
[SourceVersion "1"]
[SourceVersionDate "2014.11.20"]
[SourceQuality "1"]
[WhiteTeam "Hameln"]
[BlackTeam "Oldenburg Union"]
[WhiteTeamCountry "GER"]
[BlackTeamCountry "GER"]

1. e4 e5 2. Nf3 Nc6 3. Bb5 a6 4. Ba4 Nf6 5. Qe2 b5 6. Bb3 Be7 7. a4 b4 8. 0-0 0-0 9. d3 d6 10. Nbd2 Be6 11. h3 Qd7 12. Nc4 h6 13. Be3 Rfe8 14. Rad1 Bf8 15. c3 Rab8 16. Qc2 a5 17. Kh2 d5 18. exd5 Bxd5 19. Ncd2 bxc3 20. bxc3 Qd6 21. Bxd5 Qxd5 22. Ne4 Be7 23. Nxf6+ Bxf6 24. Nd2 Be7 25. g4 Red8 26. Nc4 e4 27. Nb2 Qa2 28. Bc1 exd3 29. Qd2 Ne5 30. f4 Nc4 31. Nxc4 Qxc4 32. Rf3 Qxa4 33. Re1 Bd6 34. Kg2 Qc6 35. Kg3 Qc4 36. Ree3 g5 37. Re5 gxf4+ 0-1

[Event "Oberliga Nord W 1314"]
[Site "Germany"]
[Date "2013.10.13"]
[Round "1.7"]
[White "Kaiser, Gerhard"]
[Black "Stotyn, Fabian"]
[Result "0-1"]
[WhiteElo "2098"]
[BlackElo "2138"]
[PlyCount "96"]
[EventDate "2013.10.13"]
[EventType "team-tourn"]
[EventRounds "9"]
[EventCountry "GER"]
[SourceTitle "EXT 2015"]
[Source "ChessBase"]
[SourceDate "2014.11.20"]
[SourceVersion "1"]
[SourceVersionDate "2014.11.20"]
[SourceQuality "1"]
[WhiteTeam "Hameln"]
[BlackTeam "Nordhorn Blanke"]
[WhiteTeamCountry "GER"]
[BlackTeamCountry "GER"]

1. e4 Nf6 2. e5 Nd5 3. d4 d6 4. c4 Nb6 5. f4 Bf5 6. Be3 dxe5 7. fxe5 e6 8. Nf3 Be7 9. Nc3 0-0 10. Be2 c6 11. 0-0 N8d7 12. d5 cxd5 13. cxd5 Nxd5 14. Nxd5 exd5 15. Qxd5 Nc5 16. Qxd8 Rfxd8 17. Rac1 b6 18. Nd4 Be4 19. a3 Bd5 20. b4 Ne6 21. Nc6 Bxc6 22. Rxc6 Rd5 23. Rf5 g6 24. Bf3 Rd3 25. Rxe6 fxe6 26. Rf4 Rf8 27. Re4 Rxa3 28. Bh6 Rf5 29. h3 Bf8 30. Bxf8 Rxf8 31. Bg4 Kf7 32. Rc4 Re8 33. Kf2 Ra2+ 34. Kg3 a5 35. bxa5 bxa5 36. Rc6 a4 37. Ra6 a3 38. Bd1 Rd2 39. Ba4 Re7 40. Kh2 Rc7 41. Bb3 Rc3 42. Ra7+ Kf8 43. Ra8+ Kg7 44. Ra7+ Kh6 45. Bxe6 Rcc2 46. h4 Rxg2+ 47. Kh3 Rge2 48. Bg8 Re3+ 0-1

[Event "Oberliga Nord W 1011"]
[Site "Germany"]
[Date "2010.11.14"]
[Round "3.7"]
[White "Kaiser, Gerhard"]
[Black "Hoellmann, Ludger"]
[Result "0-1"]
[WhiteElo "1971"]
[BlackElo "1926"]
[PlyCount "106"]
[EventDate "2010.10.10"]
[EventType "team-tourn"]
[EventRounds "9"]
[EventCountry "GER"]
[SourceTitle "EXT 2012"]
[Source "ChessBase"]
[SourceDate "2011.11.24"]
[SourceVersion "1"]
[SourceVersionDate "2011.11.24"]
[SourceQuality "1"]
[WhiteTeam "Hameln"]
[BlackTeam "Nordhorn Blanke"]
[WhiteTeamCountry "GER"]
[BlackTeamCountry "GER"]

1. e4 e6 2. d4 d5 3. e5 c5 4. dxc5 Nc6 5. Nf3 Bxc5 6. Bd3 Qc7 7. Bf4 Nge7 8. 0-0 Ng6 9. Bg3 Qb6 10. Qc1 Bd7 11. c3 Rc8 12. Nbd2 Be7 13. h4 Nb4 14. Bb1 Bb5 15. Re1 Nf8 16. Nb3 Nd3 17. Bxd3 Bxd3 18. Qd2 Bg6 19. Bf4 Nd7 20. Be3 Qc7 21. Bd4 0-0 22. Nc1 Nc5 23. Bxc5 Qxc5 24. Ne2 b5 25. a3 a5 26. Rec1 Qb6 27. Nf4 Be4 28. Ng5 Bf5 29. g3 Rc4 30. Nf3 Re4 31. Nd4 Rxe5 32. f3 h6 33. Kg2 Rb8 34. Nxf5 Rxf5 35. Re1 Bd6 36. Nd3 d4 37. cxd4 Qxd4 38. Re4 Qd5 39. Rd1 Rxf3 40. Kxf3 f5 41. Nf2 fxe4+ 42. Kg2 Qxd2 43. Rxd2 Bxg3 44. Kxg3 e3 45. Rd7 exf2 46. Kxf2 Rc8 47. Rb7 Rc2+ 48. Kg3 Rxb2 49. a4 Rb3+ 50. Kg2 bxa4 51. Ra7 Rb5 52. Rc7 Kh7 53. Rc4 Rb4 0-1

[Event "Oberliga Nord W 0809"]
[Site "Germany"]
[Date "2009.03.15"]
[Round "8.7"]
[White "Schulz, Jens"]
[Black "Kaiser, Gerhard"]
[Result "1-0"]
[WhiteElo "2018"]
[BlackElo "2024"]
[PlyCount "79"]
[EventDate "2008.10.05"]
[EventType "team-tourn"]
[EventRounds "9"]
[EventCountry "GER"]
[SourceTitle "EXT 2010"]
[Source "ChessBase"]
[SourceDate "2010.11.25"]
[SourceVersion "1"]
[SourceVersionDate "2010.11.25"]
[SourceQuality "1"]
[WhiteTeam "Nordhorn Blanke"]
[BlackTeam "Hameln"]
[WhiteTeamCountry "GER"]
[BlackTeamCountry "GER"]

1. e4 c5 2. Nf3 Nf6 3. Nc3 e6 4. e5 Nd5 5. Nxd5 exd5 6. d4 Nc6 7. c3 cxd4 8. cxd4 d6 9. Be2 dxe5 10. Nxe5 Qc7 11. 0-0 Bd6 12. Nf3 0-0 13. Be3 h6 14. Rc1 Qb6 15. Qd2 Bf5 16. a3 a5 17. Rc3 Rfe8 18. Nh4 Be4 19. f3 Bh7 20. Bd3 Bxd3 21. Rxd3 Qc7 22. Kh1 Re6 23. Nf5 Bxh2 24. f4 Rf6 25. g4 Rxf5 26. gxf5 Bg3 27. Qg2 Bh4 28. Qxd5 Bf6 29. Qe4 Qd7 30. d5 Ne7 31. Bd4 Qxd5 32. Qxd5 Nxd5 33. Be5 Bxe5 34. fxe5 Nb6 35. Rfd1 Kh7 36. Rd8 Ra6 37. e6 fxe6 38. fxe6 Nd5 39. R8xd5 Rxe6 40. Rd7 1-0

[Event "Niedersachsen-ch"]
[Site "Verden"]
[Date "2009.01.03"]
[Round "4"]
[White "Tonndorf, Matthias"]
[Black "Kaiser, Gerhard"]
[Result "1/2-1/2"]
[WhiteElo "2215"]
[BlackElo "2024"]
[PlyCount "82"]
[EventDate "2009.01.02"]
[EventType "swiss"]
[EventRounds "9"]
[EventCountry "GER"]
[SourceTitle "CBM 128 Extra"]
[Source "ChessBase"]
[SourceDate "2009.03.05"]
[SourceVersion "2"]
[SourceVersionDate "2009.03.25"]
[SourceQuality "1"]

1. e4 c5 2. Nf3 Nf6 3. e5 Nd5 4. d4 cxd4 5. Qxd4 e6 6. Bc4 Nc6 7. Qe4 Nc7 8. 0-0 d5 9. exd6 Bxd6 10. Nc3 Qe7 11. Bg5 f6 12. Be3 Bd7 13. Rad1 Na5 14. Be2 Bc6 15. Qh4 e5 16. Qh5+ g6 17. Qh6 b6 18. Rxd6 Qxd6 19. Qg7 0-0-0 20. a3 Rhg8 21. Qh6 Nb7 22. h3 Qe7 23. Qh4 Nd6 24. Bc1 Nf5 25. Qc4 Qe6 26. Qb4 Nd4 27. Nd2 Nd5 28. Ba6+ Kb8 29. Nxd5 Qxd5 30. f3 Nxc2 31. Qe7 Qd6 32. Qxh7 Nd4 33. Ne4 Qc7 34. Qxc7+ Kxc7 35. Nxf6 Rgf8 36. Ng4 e4 37. fxe4 Rxf1+ 38. Bxf1 Bxe4 39. Bg5 Rf8 40. Nf6 Bc6 41. Bf4+ Kd8 1/2-1/2

[Event "Niedersachsen-ch op"]
[Site "Verden"]
[Date "2007.01.05"]
[Round "3"]
[White "Wolter, Kerstin"]
[Black "Kaiser, Gerhard"]
[Result "1-0"]
[WhiteElo "1612"]
[BlackElo "2050"]
[PlyCount "120"]
[EventDate "2007.01.04"]
[EventType "swiss"]
[EventRounds "7"]
[EventCountry "GER"]
[SourceTitle "EXT 2021"]
[Source "ChessBase"]
[SourceDate "2020.10.23"]
[SourceVersion "1"]
[SourceVersionDate "2020.10.23"]
[SourceQuality "1"]

1. e4 c5 2. Nf3 d6 3. Bb5+ Bd7 4. Bxd7+ Qxd7 5. 0-0 Nc6 6. Re1 e6 7. c3 g6 8. d4 cxd4 9. cxd4 Bg7 10. Nc3 Nge7 11. Bg5 0-0 12. Rc1 Rac8 13. Qd2 Rfe8 14. a3 d5 15. e5 Na5 16. Qd3 a6 17. Bxe7 Rxe7 18. Nd2 Bh6 19. Rc2 Qe8 20. Qh3 Bxd2 21. Rxd2 Nc4 22. Rc2 Rec7 23. Rec1 Qd7 24. Qd3 Kg7 25. Qf3 Na5 26. Qe3 b5 27. Qd3 Nc4 28. Nd1 Nb6 29. b3 Rxc2 30. Rxc2 Rxc2 31. Qxc2 Qc8 32. Qxc8 Nxc8 33. Kf1 f6 34. f4 h6 35. Ke2 g5 36. g3 Kg6 37. Kf3 gxf4 38. Kxf4 f5 39. Ne3 Ne7 40. h3 Nc6 41. Nc2 Na5 42. Na1 Kh5 43. Kf3 Kg5 44. Ke3 h5 45. Kf3 h4 46. Kf2 hxg3+ 47. Kxg3 Kh5 48. h4 Nc6 49. Nc2 a5 50. b4 a4 51. Ne1 Nxd4 52. Nd3 Kg6 53. Nf4+ Kf7 54. h5 Nc2 55. h6 Nxa3 56. Nxe6 Kg6 57. Ng5 Nc4 58. e6 Kxh6 59. e7 Kxg5 60. e8Q a3 1-0

[Event "Wilhelm Werner Memorial-M 31st"]
[Site "Bockenem"]
[Date "2006.05.24"]
[Round "1"]
[White "Kaiser, Gerhard"]
[Black "Markgraf, Stefan"]
[Result "0-1"]
[WhiteElo "2040"]
[BlackElo "2050"]
[PlyCount "142"]
[EventDate "2006.05.??"]
[EventType "tourn"]
[EventRounds "7"]
[EventCountry "GER"]
[SourceTitle "EXT 2008"]
[Source "ChessBase"]
[SourceDate "2007.11.25"]
[SourceVersion "1"]
[SourceVersionDate "2007.11.25"]
[SourceQuality "1"]

1. e4 e5 2. Nf3 Nc6 3. Bb5 a6 4. Ba4 Nf6 5. Qe2 b5 6. Bb3 Be7 7. a4 b4 8. d4 d6 9. Qc4 Qd7 10. Qxf7+ Kd8 11. dxe5 Nxe4 12. e6 Qe8 13. Qxe8+ Rxe8 14. Bd5 Bb7 15. Bxe4 Bf6 16. 0-0 Rxe6 17. Bf5 Re8 18. Bg5 Ne7 19. Bxf6 gxf6 20. Nd4 Rg8 21. f3 c5 22. Ne6+ Kd7 23. Nxc5+ Kc6 24. Nxb7 Nxf5 25. Na5+ Kb6 26. Nc4+ Kc5 27. Nbd2 d5 28. Na5 Ne3 29. Rf2 f5 30. Nab3+ Kd6 31. Nf1 Nc4 32. Nbd2 Nxb2 33. Rb1 Nxa4 34. Rxb4 Nc3 35. Nb1 Nb5 36. Rd2 Kc5 37. Rf4 a5 38. Rxf5 Nd4 39. Rf4 Ne6 40. Ra4 Rgb8 41. Na3 Rb4 42. Rxb4 axb4 43. Nb1 Ra1 44. Rd1 Ra2 45. c3 b3 46. Nfd2 b2 47. g3 Ra8 48. Kf2 d4 49. Nb3+ Kc4 50. Nxd4 Nc5 51. Ke3 Nb3 52. Nc2 Nc1 53. Rd4+ Kb3 54. Kd2 Ka2 55. Re4 Nb3+ 56. Ke3 Kxb1 57. Nb4 Nc1 58. Nd3 Nxd3 59. Kxd3 Rd8+ 60. Ke3 Kc2 61. Rb4 Kxc3 62. Rb7 Rd3+ 63. Ke2 Rd2+ 64. Ke3 Rxh2 65. Rc7+ Kb3 66. Rb7+ Kc2 67. Rc7+ Kd1 68. Rd7+ Kc1 69. Rc7+ Rc2 70. Rxh7 Rc3+ 71. Ke4 b1Q+ 0-1